000 00446nam a2200181Ia 4500
001 3297
005 20260306145633.0
008 260306t1998||||xx |||||||||||||| ||spa||
041 _aESP
082 _a268
_bJ81H T. 2 1998
100 _aJuan Pablo II
_eAUT
245 0 _aCatequesis sobre el Credo:
_bel hijo reconciliador
260 _c1998
300 _a583 páginas :
_c20 cm.
650 _aGEN
654 _aCHU
942 _cLIB
_dJUS
_fJUS
_2ddc
_n
999 _c3297
_d3297